00965cam a22002771 4500001001300000003000400013005001700017008004100034010001700075035001900092040003100111042001200142050002200154086001600176100002600192245008400218260004800302300006200350410005500412500004900467504002800516650004300544650004600587740003700633999001700670gs 62000245 DLC20260227111411.0780330s1962 dcua f000 0 eng  ags 62000245  a(OCoLC)3763299 aDLCcUSlWdISSdOCoLCdDLC apremarc00aQE75b.P9 no. 3890 aI 19.16:3891 aAveritt, Paul,d1908-10aGeology and coal resources of the Cedar Mountain quadrangle, Iron County, Utah. aWashington,bU.S. Govt. Print. Off.,c1962. aiv, 72 p.billus., maps (1 col.) diagrs., tables.c30 cm.20aGeological Survey (U.S.).tProfessional paperv389 aPart of illustrative matter fold. in pocket. aBibliography: p. 67-69. 0aCoalzUtahzCedar Mountain quadrangle. 0aGeologyzUtahzCedar Mountain quadrangle.0 aCedar Mountain quadrangle, Utah. c29642d29642